From Plassey to Partition and After: A History of Modern India (Record no. 12356)

MARC details
000 -LEADER
fixed length control field 00445nam a22001697a 4500
003 - CONTROL NUMBER IDENTIFIER
control field OSt
008 - FIXED-LENGTH DATA ELEMENTS--GENERAL INFORMATION
fixed length control field 240401b |||||||| |||| 00| 0 eng d
020 ## - INTERNATIONAL STANDARD BOOK NUMBER
International Standard Book Number 9788125057239
082 ## - DEWEY DECIMAL CLASSIFICATION NUMBER
Classification number 954.03 BAF
100 ## - MAIN ENTRY--PERSONAL NAME
Personal name BANDYOPADHYAY, Sekhar
245 ## - TITLE STATEMENT
Title From Plassey to Partition and After: A History of Modern India
250 ## - EDITION STATEMENT
Edition statement 2nd. ed.
260 ## - PUBLICATION, DISTRIBUTION, ETC. (IMPRINT)
Place of publication, distribution, etc Telangana
Name of publisher, distributor, etc Orient BlackSwan
Date of publication, distribution, etc 2022
300 ## - PHYSICAL DESCRIPTION
Extent 586 p.
650 ## - SUBJECT ADDED ENTRY--TOPICAL TERM
Topical term or geographic name as entry element English
942 ## - ADDED ENTRY ELEMENTS (KOHA)
Source of classification or shelving scheme Dewey Decimal Classification
Koha item type Text Books
Holdings
Withdrawn status Lost status Source of classification or shelving scheme Damaged status Not for loan Collection code Home library Current library Date acquired Source of acquisition Currency Cost, normal purchase price Bill Number Total Checkouts Full call number Acc. no. / Barcode Date last seen Actual Cost, discounted price Bill Date Koha item type
    Dewey Decimal Classification     B.A Hons. English PIET NCR College Library PIET NCR College Library 23/03/2024 Zafaa Books & Distributors In Rupees 550.00 ZBD0458   954.03 BAF N3553 01/04/2024 358.00 23/03/2024 Reference Books
    Dewey Decimal Classification     B.A Hons. English PIET NCR College Library PIET NCR College Library 23/03/2024 Zafaa Books & Distributors In Rupees 550.00 ZBD0458   954.03 BAF N3554 01/04/2024 358.00 23/03/2024 Text Books

Design & Developed by: PIET Central Library
R70 Miles Stone Pattikalyana Samalkha Panipat 132102
mail ID :- [email protected], Phone No:- 0180-2569700 Ex.216